When Calls the Heart Trivia - Statistics

General Stats
  • This quiz has been taken 397 times
  • The average score is 8 of 15
Answer Stats
Hint Answer % Correct
Name of Elizabeth Thorton's baby Baby Jack
100%
Name of Town Hope Valley
82%
Mayor of Town (woman) Abigail Stanton
66%
Lee Coulter's wife Rosemary Coulter
62%
Elizabeth Thatcher's love interest Jack Thornton
61%
Girl who watches Baby Jack Laura
61%
Owner of the Oil Company Henry Gowin
57%
Jesse's fiancee Clara Stanton
56%
Faith Carter's love interest Dr. Carson Shepard
55%
The Judge in Hope Valley Bill Avery
54%
The new Mountie after Jack Nathan Grant
54%
New Owner of the saloon Lucas Bouchard
40%
Actor who plays Dr. Carson Shepard Paul Greene
39%
How Jack Thornton died mudslide
21%
Jack Thornton's job North West Mounted Police
10%
No matching quizzes found
Score Distribution
Percent of People with Each Score
Percentile by Number Answered
Your Score History
You have not taken this quiz